<?xml version="1.0" encoding="UTF-8"?><marc:collection xmlns:marc="http://www.loc.gov/MARC21/slim">
  <marc:record>
    <marc:leader>03771nas a2200649 c 4500</marc:leader>
    <marc:controlfield tag="001">010000321</marc:controlfield>
    <marc:controlfield tag="003">DE-101</marc:controlfield>
    <marc:controlfield tag="005">20250311211059.0</marc:controlfield>
    <marc:controlfield tag="007">tu</marc:controlfield>
    <marc:controlfield tag="008">991118c19279999it u||p|  ||| 0||||1ita c</marc:controlfield>
    <marc:datafield tag="016" ind1="7" ind2=" ">
      <marc:subfield code="2">DE-600</marc:subfield>
      <marc:subfield code="a">45-0</marc:subfield>
    </marc:datafield>
    <marc:datafield tag="016" ind1="7" ind2=" ">
      <marc:subfield code="2">DE-101</marc:subfield>
      <marc:subfield code="a">010000321</marc:subfield>
    </marc:datafield>
    <marc:datafield tag="022" ind1=" " ind2=" ">
      <marc:subfield code="a">0001-4451</marc:subfield>
    </marc:datafield>
    <marc:datafield tag="022" ind1=" " ind2=" ">
      <marc:subfield code="y">0393-4451</marc:subfield>
    </marc:datafield>
    <marc:datafield tag="035" ind1=" " ind2=" ">
      <marc:subfield code="a">(DE-599)ZDB45-0</marc:subfield>
    </marc:datafield>
    <marc:datafield tag="035" ind1=" " ind2=" ">
      <marc:subfield code="a">(OCoLC)1367301857</marc:subfield>
    </marc:datafield>
    <marc:datafield tag="040" ind1=" " ind2=" ">
      <marc:subfield code="a">9001</marc:subfield>
      <marc:subfield code="b">ger</marc:subfield>
      <marc:subfield code="c">DE-101</marc:subfield>
      <marc:subfield code="d">9999</marc:subfield>
    </marc:datafield>
    <marc:datafield tag="041" ind1=" " ind2=" ">
      <marc:subfield code="a">ita</marc:subfield>
    </marc:datafield>
    <marc:datafield tag="042" ind1=" " ind2=" ">
      <marc:subfield code="a">zdb</marc:subfield>
    </marc:datafield>
    <marc:datafield tag="044" ind1=" " ind2=" ">
      <marc:subfield code="c">XA-IT</marc:subfield>
    </marc:datafield>
    <marc:datafield tag="082" ind1="7" ind2="4">
      <marc:subfield code="a">050</marc:subfield>
      <marc:subfield code="q">DE-101</marc:subfield>
      <marc:subfield code="2">22sdnb</marc:subfield>
    </marc:datafield>
    <marc:datafield tag="083" ind1="7" ind2=" ">
      <marc:subfield code="a">920</marc:subfield>
      <marc:subfield code="a">020</marc:subfield>
      <marc:subfield code="q">DE-600</marc:subfield>
      <marc:subfield code="2">22sdnb</marc:subfield>
    </marc:datafield>
    <marc:datafield tag="084" ind1=" " ind2=" ">
      <marc:subfield code="a">24,1</marc:subfield>
      <marc:subfield code="2">ssgn</marc:subfield>
    </marc:datafield>
    <marc:datafield tag="084" ind1=" " ind2=" ">
      <marc:subfield code="a">AN 10100</marc:subfield>
      <marc:subfield code="2">rvk</marc:subfield>
    </marc:datafield>
    <marc:datafield tag="245" ind1="0" ind2="0">
      <marc:subfield code="a">Accademie &amp; biblioteche d'Italia</marc:subfield>
      <marc:subfield code="b">trimestrale di cultura delle biblioteche e delle istituzioni culturali</marc:subfield>
      <marc:subfield code="c">Ministero per i Beni e le Attività Culturali, Dipartimento per i Beni Archivistici e Librari</marc:subfield>
    </marc:datafield>
    <marc:datafield tag="247" ind1="0" ind2="0">
      <marc:subfield code="a">Accademie e biblioteche d'Italia</marc:subfield>
      <marc:subfield code="f">Hauptsacht. bis N.S. 1=69.2001</marc:subfield>
    </marc:datafield>
    <marc:datafield tag="264" ind1="3" ind2="1">
      <marc:subfield code="a">Roma</marc:subfield>
      <marc:subfield code="b">Gangemi</marc:subfield>
      <marc:subfield code="c">1927-</marc:subfield>
    </marc:datafield>
    <marc:datafield tag="264" ind1="3" ind2="1">
      <marc:subfield code="a">Roma</marc:subfield>
      <marc:subfield code="b">Ministero per i Beni e le Attività Culturali</marc:subfield>
      <marc:subfield code="c">1927-</marc:subfield>
    </marc:datafield>
    <marc:datafield tag="264" ind1="2" ind2="1">
      <marc:subfield code="3">früher</marc:subfield>
      <marc:subfield code="a">Roma</marc:subfield>
      <marc:subfield code="b">Biblioteca d'Arte</marc:subfield>
    </marc:datafield>
    <marc:datafield tag="264" ind1="2" ind2="1">
      <marc:subfield code="3">früher</marc:subfield>
      <marc:subfield code="a">Roma</marc:subfield>
      <marc:subfield code="b">Palombi</marc:subfield>
    </marc:datafield>
    <marc:datafield tag="336" ind1=" " ind2=" ">
      <marc:subfield code="a">Text</marc:subfield>
      <marc:subfield code="b">txt</marc:subfield>
      <marc:subfield code="2">rdacontent</marc:subfield>
    </marc:datafield>
    <marc:datafield tag="337" ind1=" " ind2=" ">
      <marc:subfield code="a">ohne Hilfsmittel zu benutzen</marc:subfield>
      <marc:subfield code="b">n</marc:subfield>
      <marc:subfield code="2">rdamedia</marc:subfield>
    </marc:datafield>
    <marc:datafield tag="338" ind1=" " ind2=" ">
      <marc:subfield code="a">Band</marc:subfield>
      <marc:subfield code="b">nc</marc:subfield>
      <marc:subfield code="2">rdacarrier</marc:subfield>
    </marc:datafield>
    <marc:datafield tag="362" ind1="0" ind2=" ">
      <marc:subfield code="a">1.1927/28 - 17.1942/43; N.S. 1=18.1950 - [51]=68.2000; N.S. 1=69.2001(2002) - 4=72.2004; N.S. 1.2006 -</marc:subfield>
    </marc:datafield>
    <marc:datafield tag="363" ind1="0" ind2="0">
      <marc:subfield code="8">1.1\x</marc:subfield>
      <marc:subfield code="a">1</marc:subfield>
      <marc:subfield code="i">1927/28</marc:subfield>
    </marc:datafield>
    <marc:datafield tag="363" ind1="1" ind2="0">
      <marc:subfield code="8">1.2\x</marc:subfield>
      <marc:subfield code="a">17</marc:subfield>
      <marc:subfield code="i">1942/43</marc:subfield>
    </marc:datafield>
    <marc:datafield tag="363" ind1="0" ind2="0">
      <marc:subfield code="8">2.1\x</marc:subfield>
      <marc:subfield code="a">1</marc:subfield>
      <marc:subfield code="i">1950</marc:subfield>
    </marc:datafield>
    <marc:datafield tag="363" ind1="1" ind2="0">
      <marc:subfield code="8">2.2\x</marc:subfield>
      <marc:subfield code="a">51</marc:subfield>
      <marc:subfield code="i">2000</marc:subfield>
    </marc:datafield>
    <marc:datafield tag="363" ind1="0" ind2="0">
      <marc:subfield code="8">3.1\x</marc:subfield>
      <marc:subfield code="a">1</marc:subfield>
      <marc:subfield code="i">2001</marc:subfield>
    </marc:datafield>
    <marc:datafield tag="363" ind1="1" ind2="0">
      <marc:subfield code="8">3.2\x</marc:subfield>
      <marc:subfield code="a">4</marc:subfield>
      <marc:subfield code="i">2004</marc:subfield>
    </marc:datafield>
    <marc:datafield tag="363" ind1="0" ind2="1">
      <marc:subfield code="8">4.1\x</marc:subfield>
      <marc:subfield code="a">1</marc:subfield>
      <marc:subfield code="i">2006</marc:subfield>
    </marc:datafield>
    <marc:datafield tag="365" ind1=" " ind2=" ">
      <marc:subfield code="b">lire 25000.00 (Einzelh.), lire 80000.00 (jährl.)</marc:subfield>
    </marc:datafield>
    <marc:datafield tag="500" ind1=" " ind2=" ">
      <marc:subfield code="a">Zusatz wechselt</marc:subfield>
    </marc:datafield>
    <marc:datafield tag="515" ind1=" " ind2=" ">
      <marc:subfield code="a">N.S. 50=67 fälschlich als N.S. 51 u. N.S. 51=68 als N.S. 50 gez.; 2005 nicht ersch.; anno 16 (gennaio/dicembre 2021) irrtümlich als anno 15 bezeichnet</marc:subfield>
    </marc:datafield>
    <marc:datafield tag="550" ind1=" " ind2=" ">
      <marc:subfield code="a">Urh. anfangs: Ministero della Educazione Nazionale, Direzione Generale della Accademia e Biblioteche; bis 36=53: Ministero della Publicca Istruzione; Urh. wechselt</marc:subfield>
    </marc:datafield>
    <marc:datafield tag="555" ind1="8" ind2=" ">
      <marc:subfield code="a">Index 1/50.1927/82 in: 40=57.1989,3/4; 51/68.1983/2000 in: 51=68.2000,3/4</marc:subfield>
    </marc:datafield>
    <marc:datafield tag="655" ind1=" " ind2="7">
      <marc:subfield code="0">(DE-588)4067488-5</marc:subfield>
      <marc:subfield code="0">https://d-nb.info/gnd/4067488-5</marc:subfield>
      <marc:subfield code="0">(DE-101)040674886</marc:subfield>
      <marc:subfield code="a">Zeitschrift</marc:subfield>
      <marc:subfield code="2">gnd-content</marc:subfield>
    </marc:datafield>
    <marc:datafield tag="710" ind1="1" ind2=" ">
      <marc:subfield code="0">(DE-588)36401-0</marc:subfield>
      <marc:subfield code="0">https://d-nb.info/gnd/36401-0</marc:subfield>
      <marc:subfield code="0">(DE-101)000364010</marc:subfield>
      <marc:subfield code="a">Italien</marc:subfield>
      <marc:subfield code="b">Ministero della Pubblica Istruzione</marc:subfield>
      <marc:subfield code="e">Herausgebendes Organ</marc:subfield>
      <marc:subfield code="4">isb</marc:subfield>
      <marc:subfield code="2">gnd</marc:subfield>
    </marc:datafield>
    <marc:datafield tag="710" ind1="1" ind2=" ">
      <marc:subfield code="0">(DE-588)5541509-X</marc:subfield>
      <marc:subfield code="0">https://d-nb.info/gnd/5541509-X</marc:subfield>
      <marc:subfield code="0">(DE-101)968212905</marc:subfield>
      <marc:subfield code="a">Italien</marc:subfield>
      <marc:subfield code="b">Ministero per i beni e le attività culturali</marc:subfield>
      <marc:subfield code="e">Herausgebendes Organ</marc:subfield>
      <marc:subfield code="4">isb</marc:subfield>
      <marc:subfield code="2">gnd</marc:subfield>
    </marc:datafield>
    <marc:datafield tag="710" ind1="1" ind2=" ">
      <marc:subfield code="0">(DE-588)5536540-1</marc:subfield>
      <marc:subfield code="0">https://d-nb.info/gnd/5536540-1</marc:subfield>
      <marc:subfield code="0">(DE-101)964861445</marc:subfield>
      <marc:subfield code="a">Italien</marc:subfield>
      <marc:subfield code="b">Direzione generale per i beni librari e gli istituti culturali</marc:subfield>
      <marc:subfield code="e">Herausgebendes Organ</marc:subfield>
      <marc:subfield code="4">isb</marc:subfield>
      <marc:subfield code="2">gnd</marc:subfield>
    </marc:datafield>
    <marc:datafield tag="780" ind1="0" ind2="0">
      <marc:subfield code="i">Vorg.:</marc:subfield>
      <marc:subfield code="t">Rivista delle biblioteche e degli archivi</marc:subfield>
      <marc:subfield code="d">Firenze : Olschki, 1895-1926</marc:subfield>
      <marc:subfield code="w">(DE-600)428870-1</marc:subfield>
      <marc:subfield code="w">(DE-101)012426105</marc:subfield>
    </marc:datafield>
    <marc:datafield tag="787" ind1="0" ind2="8">
      <marc:subfield code="i">35,1,Suppl.=15 von</marc:subfield>
      <marc:subfield code="a">Associazione Italiana Biblioteche</marc:subfield>
      <marc:subfield code="t">Congresso nazionale dell'Associazione Italiana per le Biblioteche</marc:subfield>
      <marc:subfield code="d">Roma : Palombi, 1934-1965</marc:subfield>
      <marc:subfield code="w">(DE-600)771446-4</marc:subfield>
      <marc:subfield code="w">(DE-101)014224232</marc:subfield>
    </marc:datafield>
    <marc:datafield tag="787" ind1="0" ind2="8">
      <marc:subfield code="i">N.S. 35,4/5=2 von</marc:subfield>
      <marc:subfield code="a">Conferenza Nazionale delle Accademie e degli Istituti Culturali</marc:subfield>
      <marc:subfield code="t">Atti della ... Conferenza Nazionale delle Accademie e degli Istituti culturali</marc:subfield>
      <marc:subfield code="d">Roma : Palombi, 1984-</marc:subfield>
      <marc:subfield code="w">(DE-600)237717-2</marc:subfield>
      <marc:subfield code="w">(DE-101)011426039</marc:subfield>
    </marc:datafield>
    <marc:datafield tag="787" ind1="0" ind2="8">
      <marc:subfield code="i">N.S. 36,Suppl.=2 von</marc:subfield>
      <marc:subfield code="a">Istituto Nazionale di Studi Etruschi e Italici</marc:subfield>
      <marc:subfield code="t">Atti / Istituto Nazionale di Studi Etruschi e Italici</marc:subfield>
      <marc:subfield code="d">Roma : Bretschneider, 1989-1989</marc:subfield>
      <marc:subfield code="w">(DE-600)351857-7</marc:subfield>
      <marc:subfield code="w">(DE-101)012057754</marc:subfield>
    </marc:datafield>
    <marc:datafield tag="787" ind1="0" ind2="8">
      <marc:subfield code="i">Gekürzt als</marc:subfield>
      <marc:subfield code="n">1959</marc:subfield>
      <marc:subfield code="a">Associazione Italiana Biblioteche</marc:subfield>
      <marc:subfield code="t">Congresso nazionale dell'Associazione Italiana per le Biblioteche</marc:subfield>
      <marc:subfield code="d">Roma : Palombi, 1934-1965</marc:subfield>
      <marc:subfield code="w">(DE-600)771446-4</marc:subfield>
      <marc:subfield code="w">(DE-101)014224232</marc:subfield>
    </marc:datafield>
    <marc:datafield tag="850" ind1=" " ind2=" ">
      <marc:subfield code="a">DE-101a</marc:subfield>
    </marc:datafield>
    <marc:datafield tag="889" ind1=" " ind2=" ">
      <marc:subfield code="w">(DE-101)946734054</marc:subfield>
    </marc:datafield>
  </marc:record>
</marc:collection>
